Accessibility to public procurement in the built environment (Record no. 120933)
[ view plain ]
| 000 -LEADER | |
|---|---|
| fixed length control field | 01362cad a22001935a 4500 |
| 001 - CONTROL NUMBER | |
| control field | L154357 |
| 008 - FIXED-LENGTH DATA ELEMENTS--GENERAL INFORMATION | |
| fixed length control field | 111117s2009 xxk f 000 0 eng d |
| 035 ## - SYSTEM CONTROL NUMBER | |
| System control number | (Sirsi) u154357 |
| 041 0# - LANGUAGE CODE | |
| Language code of text/sound track or separate title | eng |
| 110 2# - MAIN ENTRY--CORPORATE NAME | |
| Corporate name or jurisdiction name as entry element | European Committee for Standardization |
| 9 (RLIN) | 5990 |
| 245 00 - TITLE STATEMENT | |
| Title | Accessibility to public procurement in the built environment |
| Medium | [electronic resource] |
| 260 ## - PUBLICATION, DISTRIBUTION, ETC. | |
| Place of publication, distribution, etc. | Brussels |
| Name of publisher, distributor, etc. | CEN |
| Date of publication, distribution, etc. | 2009 |
| 520 ## - SUMMARY, ETC. | |
| Summary, etc. | The European Committee for Standardization (CEN) is a business facilitator in Europe, removing trade barriers for European industry and consumers. Its mission is to foster the European economy in global trading, the welfare of European citizens and the environment. Through its services it provides a platform for the development of European Standards and other technical specifications. The standardization mandate from the European Commission, M/420, supports disability policies and concerns European accessibility requirements for public procurement in the built environment. The website includes a link to the General Situation of European Standardization under the Construction Products Directive report. |
| 590 ## - LOCAL NOTE (RLIN) | |
| Local note | KA NTK |
| 651 #4 - SUBJECT ADDED ENTRY--GEOGRAPHIC NAME | |
| Geographic name | Europe |
| 690 ## - LOCAL SUBJECT ADDED ENTRY--TOPICAL TERM (OCLC, RLIN) | |
| Topical term or geographic name as entry element | Procurement |
| 9 (RLIN) | 6260 |
| 856 40 - ELECTRONIC LOCATION AND ACCESS | |
| Uniform Resource Identifier | <a href="https://www.cen.eu/cen/Sectors/Sectors/Accessibility/Construction/Pages/Allpresentations.aspx">https://www.cen.eu/cen/Sectors/Sectors/Accessibility/Construction/Pages/Allpresentations.aspx</a> |
| Public note | View the website free of charge at www.cen.eu |
| 942 ## - ADDED ENTRY ELEMENTS (KOHA) | |
| Suppress in OPAC | 0 |
| Withdrawn status | Lost status | Source of classification or shelving scheme | Damaged status | Not for loan | Home library | Current library | Shelving location | Date acquired | Total Checkouts | Full call number | Barcode | Date last seen | Copy number | Price effective from | Koha item type |
|---|---|---|---|---|---|---|---|---|---|---|---|---|---|---|---|
| Dewey Decimal Classification | Virtual | Virtual | Online | 17/11/2011 | WEB-SITE | 154357-2001 | 06/08/2019 | 1 | 06/08/2019 | Online material |